| 000 | 00385cam a22001217a 4500 | ||
|---|---|---|---|
| 008 | 180718b-- xxu||||| |||| 00| 0 eng d | ||
| 082 | _aA42x5433 Land | ||
| 245 |
_aLand code _cby Legislative Department, Punjab |
||
| 260 |
_aChandigarh _bLegislative Department _c-- |
||
| 300 | _a2 vols. | ||
| 500 | _aContents: v.a. 1963. 680+p.;v.2. 1963. 592+p | ||
| 700 | _aPunjab. Legislative Department | ||
| 999 |
_c487544 _d487544 |
||